Wondrous difference : cinema, anthropology & turn-of-the-century visual culture /

Bibliographic Details
Main Author: Griffiths, Alison, 1963-
Format: Book
Language:English
Published: New York : Columbia University Press, [2002]
Series:Film and culture.
Subjects:

MARC

Tag First Indicator Second Indicator Subfields
LEADER 00000cam a22000004a 4500
001 in00001678821
005 20151024123143.0
008 010731s2002 nyua bq 001 0 eng
010 |a  2001047227 
020 |a 0231116969 (alk. paper) 
020 |a 0231116977 (pbk. : alk. paper) 
035 |a (OCoLC)ocm47838215 
040 |a DLC  |c DLC  |d UtOrBLW 
042 |a pcc 
049 |a TXAM 
050 0 0 |a GN347  |b .G73 2002 
082 0 0 |a 305.8  |2 21 
100 1 |a Griffiths, Alison,  |d 1963- 
245 1 0 |a Wondrous difference :  |b cinema, anthropology & turn-of-the-century visual culture /  |c Alison Griffiths. 
264 1 |a New York :  |b Columbia University Press,  |c [2002] 
264 4 |c ©2002 
300 |a xxxiv, 463 pages :  |b illustrations ;  |c 23 cm. 
336 |a text  |b txt  |2 rdacontent 
337 |a unmediated  |b n  |2 rdamedia 
338 |a volume  |b nc  |2 rdacarrier 
490 1 |a Film and culture 
504 |a Includes bibliographical references (pages 421-450) and index. 
504 |a Includes filmography: pages 415-419. 
650 0 |a Motion pictures in ethnology  |x History. 
650 0 |a Indigenous peoples in motion pictures  |x History. 
650 0 |a Ethnological museums and collections  |x History. 
830 0 |a Film and culture. 
945 |i PromptCat 
948 |a cataloged  |b h  |c 2002/4/15  |d c  |e dmitchel  |f 9:00:00 am 
994 |a 92  |b TXA 
999 |a MARS 
999 f f |s f4be71f9-23e2-31fb-95d0-036eeabb6a6f  |i c6f07f37-a42b-3653-a68e-2dcb4f4cc128  |t 0 
952 f f |p normal  |a Texas A&M University  |b College Station  |c Sterling C. Evans Library  |d Evans: Library Stacks  |t 0  |e GN347 .G73 2002  |h Library of Congress classification  |i unmediated -- volume  |m A14828829629 
998 f f |a GN347 .G73 2002  |t 0  |l Evans: Library Stacks